000 00668nam a2200241Ia 4500
003 OSt
005 20220923225241.0
006 a|||||r|||| 00| 0
007 ta
008 220922b |||||||| |||| 00| 0 hin d
024 _a261,360
037 _cTextual
040 _aARTS
_cARTS
_bhin
041 _2hin
_ahin
082 _aO152,1M89,14, K6
100 _aजयशंकर प्रसाद
245 0 _aऑंसू
246 _aऑansū
260 _c1966
650 _aहिन्दी साहित्य
_9156264
942 _hO152,1M89,14, K6
_cTEXL
_2CC
999 _c377047
_d377047